Les choses (Record no. 188104)
[ view plain ]
| 000 -LEADER | |
|---|---|
| campo de control de longitud fija | 00609nam a2200205 i 4500 |
| 001 - NÚMERO DE CONTROL | |
| campo de control | 188104 |
| 003 - IDENTIFICADOR DE NÚMERO DE CONTROL | |
| campo de control | ES-MaACL |
| 005 - FECHA Y HORA DE LA ÚLTIMA TRANSACCIÓN | |
| campo de control | 20230906223120.0 |
| 008 - DATOS DE LONGITUD FIJA--INFORMACIÓN GENERAL | |
| campo de control de longitud fija | 180503s1978 fr |||| | fre d |
| 020 ## - NÚMERO INTERNACIONAL ESTÁNDAR DEL LIBRO | |
| Número Internacional Estándar del Libro | 2-277-11259-3 |
| 080 ## - NÚMERO DE LA CLASIFICACIÓN DECIMAL UNIVERSAL | |
| Número de la Clasificación Decimal Universal | 821.133.1-31"19" |
| 100 1# - ENTRADA PRINCIPAL--NOMBRE DE PERSONA | |
| Nombre de persona | Perec, Georges. |
| 9 (RLIN) | 90443 |
| 245 14 - MENCIÓN DEL TÍTULO | |
| Título | Les choses |
| Resto del título | : une histoire des années soixante / |
| Mención de responsabilidad, etc. | Georges Perec. |
| 260 ## - PUBLICACIÓN, DISTRIBUCIÓN, ETC. | |
| Lugar de publicación, distribución, etc. | Paris : |
| Nombre del editor, distribuidor, etc. | J'ai Lu, |
| Fecha de publicación, distribución, etc. | [1978] |
| 300 ## - DESCRIPCIÓN FÍSICA | |
| Extensión | 133 p. ; |
| Dimensiones | 17 cm. |
| 490 1# - MENCIÓN DE SERIE | |
| Mención de serie | J'ai Lu ; |
| Designación de volumen o secuencia | 259 |
| 830 0# - PUNTO DE ACCESO ADICIONAL DE SERIE-TÍTULO UNIFORME | |
| Título uniforme | J'ai Lu ; |
| Designación de volumen o secuencia | 259 |
| 9 (RLIN) | 225641 |
| 852 ## - LOCALIZACIÓN | |
| Ubicación | ES-MaACL |
| Número de control de estantería | L-31997 |
| Nota libre | . - Donat. Carmen Zumárraga |
| Estatus retirado | Estado de pérdida | Estado de daño | No para préstamo | Biblioteca de origen | Biblioteca actual | Ubicación en estantería | Fecha de adquisición | Fuente de adquisición | Total de préstamos | Signatura topográfica completa | Código de barras | Visto por última vez | Precio de reemplazo | Tipo de ítem Koha |
|---|---|---|---|---|---|---|---|---|---|---|---|---|---|---|
| Biblioteca del Ateneo de Madrid | Biblioteca del Ateneo de Madrid | Depósito 2 | 03/05/2018 | L-31997 | 1198804 | 23/02/2023 | 23/02/2023 | Libro impreso |
